| 000 | 00812cam a2200253 i 4500 | ||
|---|---|---|---|
| 020 | _a0671422340 | ||
| 020 | _a0671422359 (pbk.) | ||
| 040 | _cDLC | ||
| 082 | 0 | 0 | _a598 SIM 1981 C148 Or. |
| 100 | 1 | _aBologna, Gianfranco. | |
| 245 | 1 | 0 | _aSimon and Schuster's Guide to birds of the world / |
| 260 |
_aNew York : _bSimon and Schuster, _cc1981. |
||
| 300 |
_a511 p. : _bcol. ill. ; _c19 cm. |
||
| 490 | 0 | _aFireside book | |
| 500 | _aTranslation of Uccelli. | ||
| 500 | _aIncludes index. | ||
| 650 | 0 | _aBirds. | |
| 650 | 0 | _aBirds | |
| 700 | 1 | _aBull, John L. | |
| 856 | 4 | 2 | _uhttp://www.loc.gov/catdir/description/simon031/80039507.html |
| 856 | 4 | 1 | _uhttp://www.loc.gov/catdir/enhancements/fy0645/80039507-s.html |
| 856 | 4 | 1 | _uhttp://www.loc.gov/catdir/enhancements/fy0645/80039507-t.html |
| 942 | _cAEDBB | ||
| 999 |
_c18566 _d18566 |
||